| 000 | 01913nam0a2200421 i 4500 | ||
|---|---|---|---|
| 001 | RU\NLR\BIBL_A\010456787 | ||
| 005 | 20260407195714.0 | ||
| 010 |
_a9785000860410 _9500 |
||
| 021 |
_aRU _b2014-2033и _9165и |
||
| 035 | _a(NILC)RuMoRGB-007524220 | ||
| 035 | _a(NLR Aleph) 010456787 | ||
| 090 |
_a9955257 _c9955257 |
||
| 100 | _a20140902d2014 m y0rusy50 ba | ||
| 101 | 0 |
_arus _aeng |
|
| 102 | _aRU | ||
| 105 | _aac z 000yy | ||
| 200 | 1 |
_aThe red book _eOlympic album _e[фотоальбом об Олимпийских играх в Сочи 2014 _fNatali Arefieva, Bob Martin _gAudi] |
|
| 210 |
_aМосква _cПеро _d2014 |
||
| 215 |
_a255 с. _cил., цв. ил., портр. _d36 |
||
| 300 | _aНа обл. авт. не указаны | ||
| 300 | _aТекст парал. на рус., англ. яз. | ||
| 600 | 1 |
_aАрефьева _bН. _f1979 _gНатали _jФотоальбомы _92273404 _3RU\NLR\AUTH\6601591274 |
|
| 600 | 1 |
_aМартин _bБ. _gБоб _jФотоальбомы _92273406 _3RU\NLR\AUTH\6601591275 |
|
| 601 | 1 | 2 |
_aЗимние Олимпийские игры _d22 _eСочи, город; Краснодарский край _f2014 _jФотоальбомы _92618087 _3RU\NLR\AUTH\661554647 |
| 606 | 1 |
_aФотография художественная _jФотоальбомы _xТематика _z21 в. _92117289 _3RU\NLR\AUTH\661582503 |
|
| 686 | 1 | _aЩ163(4Вл)6-8Мартин Б. я61 | |
| 686 | 1 | _aЩ163(2Р=Рус)7-8Арефьева я61 | |
| 686 | 1 | _aЩ163(0)65-3 я61 | |
| 686 | 1 | _aЧ514(0)901-22я61 | |
| 700 | 1 |
_aAref'eva _bN. _f1979- _gNatali |
|
| 701 | 1 |
_aMartin _bB. _gBob |
|
| 711 | 1 | 2 |
_aЗимние Олимпийские игры _d22 _f2014 _eСочи _3RU\NLR\AUTH\8810130252 _9757257 |
| 801 | 0 |
_aRU _bРГБ _c20140723 _gRCR |
|
| 942 | _cBOOK | ||
| 980 | _aNBR | ||